书目信息 |
| 题名: |
海马体记忆法
|
|
| 作者: | 写书哥 著 | |
| 分册: | ||
| 出版信息: | 北京 人民邮电出版社 2025.01 |
|
| 页数: | 241页 | |
| 开本: | 21cm | |
| 丛书名: | ||
| 单 册: | ||
| 中图分类: | B842.3-49 | |
| 科图分类: | ||
| 主题词: | 记忆术--青少年读物 | |
| 电子资源: | ||
| ISBN: | 978-7-115-64209-7 | |
| 000 | 00841nam0 2200229 450 | |
| 001 | 01182516 | |
| 005 | 20251022154627.91 | |
| 010 | @a978-7-115-64209-7@dCNY52.80 | |
| 100 | @a20250226d2025 cemy0chiy0120 ea | |
| 101 | 0 | @achi |
| 102 | @aCN@b110000 | |
| 105 | @aa z 000yy | |
| 106 | @ar | |
| 200 | 1 | @a海马体记忆法@9hai ma ti ji yi fa@f写书哥著 |
| 210 | @a北京@c人民邮电出版社@d2025.01 | |
| 215 | @a241页@c图@d21cm | |
| 330 | @a本书共8章,讲解了大脑的工作原理、读书时应该保持什么心态、学习中的马太效应、从短期记忆到长期记忆、听课和复习的技巧、考试拿高分技巧,以及如何打造朋友圈,维护自己的学习环境等内容,其中还包括对自驱力、专注力、记忆力的培养方法。 | |
| 606 | 0 | @a记忆术@j青少年读物 |
| 690 | @aB842.3-49@v5 | |
| 701 | 0 | @a写书哥@9xie shu ge@f(1978-)@4著 |
| 801 | 0 | @aCN@c20250910 |
| 905 | @a河南城建学院图书馆@dB842.3@eX414@ZX414@f1 | |
| 海马体记忆法/写书哥著.-北京:人民邮电出版社,2025.01 |
| 241页:图;21cm |
| ISBN 978-7-115-64209-7:CNY52.80 |
| 本书共8章,讲解了大脑的工作原理、读书时应该保持什么心态、学习中的马太效应、从短期记忆到长期记忆、听课和复习的技巧、考试拿高分技巧,以及如何打造朋友圈,维护自己的学习环境等内容,其中还包括对自驱力、专注力、记忆力的培养方法。 |
| ● |
| 相关链接 |
|
|
|
正题名:海马体记忆法
索取号:B842.3/X414
 
预约/预借
| 序号 | 登录号 | 条形码 | 馆藏地/架位号 | 状态 | 备注 |
| 1 | 1634520 | 216345202 | 社科库509/509社科库 36排1列6层/ [索取号:B842.3/X414] | 在馆 |